Sports Quiz

Random Sports or Football Quiz

NFL Franchise Receiving Leaders Quiz Stats

 Plays Quiz Updated Oct 21, 2016

Challenge
Share
Tweet
Embed
Score 0/32 Timer 06:00
0 Plays Today
Team Receiver % Correct
BengalsChad Ochocinco
94.9%
49ersJerry Rice
94.7%
TexansAndre Johnson
93.6%
JaguarsJimmy Smith
87.1%
BroncosRod Smith
87.1%
ColtsMarvin Harrison
80.6%
SteelersHines Ward
78.8%
PanthersSteve Smith
77.6%
CowboysMichael Irvin
75.2%
VikingsCris Carter
72.2%
PackersDonald Driver
69.8%
RamsIsaac Bruce
67.8%
RaidersTim Brown
65%
ChiefsTony Gonzalez
63.3%
RavensDerrick Mason
55.6%
BillsAndre Reed
55.2%
Team Receiver % Correct
CardinalsLarry Fitzgerald
55.1%
LionsCalvin Johnson
51.2%
SeahawksSteve Largent
50.9%
FalconsRoddy White
45.9%
RedskinsArt Monk
44.2%
GiantsAmani Toomer
41.7%
DolphinsMark Duper
33%
SaintsMarques Colston
23%
EaglesHarold Carmichael
18.3%
ChargersLance Alworth
18%
JetsDon Maynard
15.6%
BrownsOzzie Newsome
13.7%
PatriotsStanley Morgan
10.6%
TitansErnest Givins
5.7%
BearsJohnny Morris
5.7%
BuccaneersMark Carrier
4.6%

You're not logged in!

Compare scores with friends on all Sporcle quizzes.
Join for Free
OR
Log In

You Might Also Like...

Show Comments

Extras

Top Quizzes Today


Score Distribution

Your Account Isn't Verified!

In order to create a playlist on Sporcle, you need to verify the email address you used during registration. Go to your Sporcle Settings to finish the process.

Report this User

Report this user for behavior that violates our Community Guidelines.

Details: